Delimitación de zonas deprimidas en varias regiones españolas; ensayo de una tipología comarcal segu /
Guardado en:
| Autor Principal: | |
|---|---|
| Formato: | Libro |
| Publicado: |
Madrid :
Instituto de Investigaciones Agrarias,
1983
|
| Materias: | |
| Etiquetas: |
Agregar Etiqueta
Sin Etiquetas, Sea el primero en etiquetar este registro!
|
| LEADER | 00825nam a22001935a 4500 | ||
|---|---|---|---|
| 001 | CEM.cems002289 | ||
| 005 | 20060216000000.0 | ||
| 008 | 130507s1983##################000#0#####d | ||
| 003 | CEMS | ||
| 082 | 0 | 4 | |a 333.76 |
| 100 | 1 | |a España, Inia | |
| 245 | 1 | 0 | |a Delimitación de zonas deprimidas en varias regiones españolas; ensayo de una tipología comarcal segu / |c Inia España |
| 260 | |a Madrid : |b Instituto de Investigaciones Agrarias, |c 1983 | ||
| 300 | |a 51 p. | ||
| 505 | 0 | |a Incluye la exposicion de motivos y mensaje que acompanaron al proyecto y el texto de la ley 16583 de ensenanza del cooperativismo | |
| 653 | |a Economia agraria-españa | ||
| 653 | |a Tierras agricolas-españa | ||
| 859 | |a CEMS |b BIB. CEMS - 11 de abril |h 333.76 |i Es61-5/13 |p 12297.83 |t Ej.1 | ||
| 859 | |a CEMS |b BIB. CEMS - 11 de abril |h 333.76 |i Es61-5/13 |p 12299.83 |t Ej.2 | ||
